The Law of Access to Children : (Record no. 508)

MARC details
000 -LEADER
fixed length control field 00559nam a22001697a 4500
005 - DATE AND TIME OF INPUT
control field 20231110070145.0
008 - DATA ELEMENTS--GENERAL INFORMATION
fixed length control field 231110b |||||||| |||| 00| 0 eng d
020 ## - INTERNATIONAL STANDARD BOOK NUMBER
International Standard Book Number 9780409052251
041 ## - LANGUAGE CODE
Language code of text English
082 ## - SHELF NUMBER
DDC number 346.1 SCH
100 ## - MAIN AUTHOR
Main author's name Schafer, L
Language of a work English
245 ## - TITLE STATEMENT
Title The Law of Access to Children :
Sub-title A Comparative Study of South African English and Australian Law /
Statement of responsibility, etc. L Schafer
260 ## - PUBLICATION, DISTRIBUTION, ETC.
Place of publication, distribution, etc. Durban :
Name of publisher, distributor, etc. LexisNexis,
Date of publication, distribution, etc. 2007
300 ## - PHYSICAL DESCRIPTION
Other physical details xi, 209 pages ;
Dimensions 25 cm.
650 ## - SUBJECT`
Broad subject Legal practice
Own subject terms Law
942 ## - ADDED ENTRY ELEMENTS (KOHA)
Item type Books
942 ## - ADDED ENTRY ELEMENTS (KOHA)
-- ALISON_BN_VRIES
Holdings
Source of classification or shelving scheme Not for loan Collection code Home library Current library Shelving location Date acquired Full call number Barcode Price effective from Koha item type
Dewey Decimal Classification   TEXT BOOKS LAW SOCIETY OF NAMIBIA LIBRARY - WINDHOEK LAW SOCIETY OF NAMIBIA LIBRARY - WINDHOEK Family law 11/10/2023 346.1 SCH LSN/2013/13 11/10/2023 Books
Dewey Decimal Classification   TEXT BOOKS LAW SOCIETY OF NAMIBIA LIBRARY - WINDHOEK LAW SOCIETY OF NAMIBIA LIBRARY - WINDHOEK Family law 11/10/2023 346.1 SCH LSN/2007/38 11/10/2023 Books